平成の大合併によって消滅した村 - Statistics

General Stats
  • This quiz has been taken 33 times
  • The average score is 116 of 372
Answer Stats
都道府県 消滅日 合併後 村名 % Correct
北海道 2004.12.1 函館市 椴法華村
67%
愛知県 2005.11.27 豊根村 富山村
67%
旭村
62%
茨城県 2005.10.11 鉾田市 旭村
62%
山梨県 2006.3.1 甲府市富士河口湖町 上九一色村
62%
北海道 2006.3.27 岩見沢市 北村
62%
千葉県 2010.3.23 印西市 印旛村
62%
島根県 2004.10.1 美郷町 大和村
57%
群馬県 2005.1.1 伊勢崎市 東村
57%
滋賀県 2005.1.1 高島市 朽木村
57%
朝日村
57%
北海道 2005.10.1 石狩市 厚田村
57%
浜益村
57%
山形県 2005.10.1 鶴岡市 朝日村
57%
茨城県 2005.10.1 桜川市 大和村
57%
山梨県 2005.11.1 甲州市 大和村
57%
東村
57%
青森県 2006.1.1 洋野町 大野村
57%
埼玉県 2006.2.1 ときがわ町 都幾川村
57%
玉川村
57%
群馬県 2006.3.27 みどり市 東村
57%
群馬県 2006.3.27 東吾妻町 東村
57%
朝日村
57%
愛媛県 2003.4.1 新居浜市 別子山村
52%
入広瀬村
52%
平村
52%
大島村
52%
車力村
52%
三厩村
52%
福岡県 2005.3.28 宗像市 大島村
52%
宝珠山村
52%
岡山県 2005.3.31 美作市 東粟倉村
52%
新潟県 2005.4.1 長岡市 山古志村
52%
長崎県 2005.10.1 平戸市 大島村
52%
福島県 2006.1.4 喜多方市 熱塩加納村
52%
赤城村
52%
東祖谷山村
52%
北海道 2006.3.27 洞爺湖町 洞爺村
52%
長野県 2009.3.31 阿智村 清内路村
52%
本埜村
52%
熊本県 2003.4.1 あさぎり町 上村
48%
宮川村
48%
島根県 2004.10.1 隠岐の島町 五箇村
48%
利根村
48%
山口村
48%
青森県 2005.3.31 七戸町 天間林村
48%
青森県 2005.3.31 深浦町 岩崎村
48%
青森県 2005.3.31 八戸市 南郷村
48%
埼玉県 2005.4.1 秩父市 大滝村
48%
細入村
48%
奈良県 2005.4.1 奈良市 月ヶ瀬村
48%
黒保根村
48%
北海道 2005.10.1 遠軽町 白滝村
48%
長野県 2005.10.1 長和町 和田村
48%
長野県 2005.10.1 飯田市 上村
48%
福井県 2005.11.7 大野市 和泉村
48%
宮崎県 2006.1.1 美郷町 西郷村
48%
南郷村
48%
三重県 2006.1.10 大台町 宮川村
48%
北海道 2006.2.6 幕別町 忠類村
48%
北海道 2006.3.1 伊達市 大滝村
48%
徳島県 2006.3.1 三好市 西祖谷山村
48%
福井県 2006.3.3 おおい町 名田庄村
48%
2006.3.20 南郷村
48%
秋田県 2006.3.27 八峰町 峰浜村
48%
群馬県 2009.5.5 前橋市 富士見村
48%
群馬県 2010.3.28 中之条町 六合村
48%
沖縄県 2002.4.1 久米島町 具志川村
43%
仲里村
43%
芦安村
43%
山梨県 2003.11.15 富士河口湖町 勝山村
43%
岐阜県 2004.3.1 本巣市 根尾村
43%
長野県 2004.4.1 東御市 北御牧村
43%
愛媛県 2004.4.1 四国中央市 新宮村
43%
鳥取県 2004.10.1 湯梨浜町 泊村
43%
徳島県 2004.10.1 吉野川市 美郷村
43%
魚島村
43%
利賀村
43%
鬼無里村
43%
青森県 2005.2.11 つがる市 森田村
43%
むつみ村
43%
青森県 2005.3.28 中泊町 小泊村
43%
青森県 2005.3.28 五所川原市 市浦村
43%
福岡県 2005.3.28 東峰村 小石原村
43%
三川村
43%
富山県 2005.4.1 富山市 山田村
43%
和歌山県 2005.5.1 田辺市 龍神村
43%
大塔村
43%
仁淀村
43%
大塔村
43%
長野県 2005.10.1 安曇野市 三郷村
43%
三重県 2006.1.1 津市 美里村
43%
茨城県 2006.3.27 つくばみらい市 谷和原村
43%
愛知県 2006.4.1 弥富市 十四山村
43%
広島県 2003.4.1 廿日市市 吉和村
38%
君田村
38%
頸城村
38%
土佐山村
38%
岐阜県 2005.1.31 揖斐川町 谷汲村
38%
稲垣村
38%
山梨県 2005.2.13 上野原市 秋山村
38%
川上村
38%
米水津村
38%
山口県 2005.3.6 萩市 川上村
38%
青森県 2005.3.14 むつ市 脇野沢村
38%
長野県 2005.3.20 佐久穂町 八千穂村
38%
清音村
38%
青森県 2005.3.28 藤崎町 常盤村
38%
川上村
38%
静岡県 2005.4.1 沼津市 戸田村
38%
都祁村
38%
高知県 2005.4.10 四万十市 西土佐村
38%
新潟県 2005.9.1 胎内市 黒川村
38%
岩手県 2005.10.1 遠野市 宮守村
38%
埼玉県 2005.10.1 小鹿野町 両神村
38%
愛知県 2005.10.1 新城市 作手村
38%
大洋村
38%
福岡県 2005.10.11 上毛町 新吉富村
38%
北郷村
38%
三重県 2006.1.10 紀宝町 鵜殿村
38%
福井県 2006.2.1 福井市 越廼村
38%
子持村
38%
高知県 2006.3.1 香美市 物部村
38%
佐賀県 2006.3.1 吉野ヶ里町 東脊振村
38%
岩手県 2006.3.6 久慈市 山形村
38%
栃木県 2006.3.20 日光市 栗山村
38%
佐賀県 2006.3.20 神埼市 脊振村
38%
茨城県 2006.3.27 小美玉市 玉里村
38%
岩手県 2010.1.1 宮古市 川井村
38%
岐阜県 2004.3.1 飛騨市 河合村
33%
赤泊村
33%
笹神村
33%
広島県 2004.4.1 三次市 作木村
33%
布野村
33%
愛媛県 2004.8.1 久万高原町 面河村
33%
布施村
33%
高知県 2004.10.1 いの町 吾北村
33%
秋田県 2004.11.1 美郷町 仙南村
33%
湯之谷村
33%
上平村
33%
三重県 2004.11.1 伊賀市 島ヶ原村
33%
鳥取県 2004.11.1 鳥取市 福部村
33%
白峰村
33%
荘川村
33%
宮村
33%
高知県 2005.2.1 津野町 東津野村
33%
群馬県 2005.2.13 沼田市 白沢村
33%
熊本県 2005.2.13 南阿蘇村 白水村
33%
中津江村
33%
上津江村
33%
青森県 2005.3.28 外ヶ浜町 平舘村
33%
梓川村
33%
新潟県 2005.5.1 三条市 下田村
33%
奈良県 2005.9.25 五條市 西吉野村
33%
富山県 2005.11.1 射水市 下村
33%
埼玉県 2006.1.1 神川町 神泉村
33%
奈良県 2006.1.1 宇陀市 室生村
33%
沖縄県 2006.1.1 南城市 知念村
33%
鹿児島県 2006.3.20 奄美市 住用村
33%
北海道 2006.3.1 網走市 東藻琴村
33%
長野県 2006.3.31 伊那市 長谷村
33%
福島県 2007.1.1 本宮市 白沢村
33%
岐阜県 2003.4.1 山県市 伊自良村
29%
足和田村
29%
新潟県 2004.3.1 佐渡市 新穂村
29%
高鷲村
29%
和良村
29%
青森県 2004.7.1 五戸町 倉石村
29%
美川村
29%
柳谷村
29%
和歌山県 2004.10.1 みなべ町 南部川村
29%
福島県 2004.11.1 会津若松市 北会津村
29%
島根県 2004.11.1 雲南市 吉田村
29%
茨城県 2004.12.1 常陸太田市 水府村
29%
里美村
29%
埼玉県 2005.1.1 飯能市 名栗村
29%
三和村
29%
長野県 2005.1.1 長野市 戸隠村
29%
高知県 2005.1.1 高知市 鏡村
29%
藤橋村
29%
福井県 2005.2.1 越前町 宮崎村
29%
上宝村
29%
葉山村
29%
熊本県 2005.2.11 山都町 清和村
29%
福島県 2005.3.1 田村市 都路村
29%
岡山県 2005.3.1 鏡野町 富村
29%
上齋原村
29%
大分県 2005.3.1 中津市 三光村
29%
茨城県 2005.3.22 稲敷市 桜川村
29%
山梨県 2005.3.22 山梨市 三富村
29%
岡山県 2005.3.22 総社市 山手村
29%
大分県 2005.3.22 日田市 前津江村
29%
中和村
29%
大分県 2005.3.31 豊後大野市 清川村
29%
宮城県 2005.4.1 栗原市 花山村
29%
新潟県 2005.4.1 十日町市 中里村
29%
新潟県 2005.4.1 阿賀町 上川村
29%
長野県 2005.4.1 中野市 豊田村
29%
新潟県 2005.5.1 新発田市 加治川村
29%
岩手県 2005.6.1 宮古市 新里村
29%
群馬県 2005.6.13 桐生市 新里村
29%
静岡県 2005.7.1 浜松市 龍山村
29%
高知県 2005.8.1 仁淀川町 吾川村
29%
熊本県 2005.8.1 八代市 坂本村
29%
岩手県 2005.9.20 一関市 室根村
29%
川崎村
29%
秋田県 2005.9.20 仙北市 西木村
29%
福島県 2005.10.1 会津美里町 新鶴村
29%
群馬県 2005.10.1 土浦市 新治村
29%
長野県 2005.10.1 飯綱町 牟礼村
29%
三水村
29%
島根県 2005.10.1 吉賀町 柿木村
29%
長野県 2005.10.11 筑北村 本城村
29%
坂北村
29%
大平村
29%
表郷村
29%
長野県 2006.1.1 阿智村 浪合村
29%
沖縄県 2006.1.1 八重瀬町 具志頭村
29%
福井県 2006.2.13 永平寺町 上志比村
29%
岩手県 2006.2.20 奥州市 衣川村
29%
茨城県 2006.2.20 土浦市 新治村
29%
群馬県 2006.2.20 渋川市 北橘村
29%
千葉県 2006.3.20 南房総市 三芳村
29%
宮崎県 2006.3.20 小林市 須木村
29%
星野村
29%
福岡県 2010.2.1 八女市 矢部村
29%
山梨県 2003.4.1 南アルプス市 八田村
24%
岐阜県 2004.3.1 郡上市 美並村
24%
岐阜県 2004.3.1 下呂市 馬瀬村
24%
島根県 2004.10.1 邑南町 羽須美村
24%
広島県 2004.10.1 安芸太田町 筒賀村
24%
本川村
24%
新潟県 2004.11.1 魚沼市 守門村
24%
広神村
24%
大泉村
24%
広島県 2004.11.5 神石高原町 豊松村
24%
中郷村
24%
愛媛県 2005.1.1 鬼北町 日吉村
24%
関前村
24%
坂内村
24%
石川県 2005.2.1 白山市 鳥越村
24%
清見村
24%
高根村
24%
洞戸村
24%
加子母村
24%
長陽村
24%
三重県 2005.2.14 大紀町 大内山村
24%
大分県 2005.3.3 佐伯市 本匠村
24%
岩室村
24%
秋田県 2005.3.22 湯沢市 皆瀬村
24%
岡山県 2005.3.31 真庭市 美甘村
24%
八束村
24%
愛知県 2005.4.1 豊田市 小原村
24%
下山村
24%
泉村
24%
岩手県 2005.9.1 八幡平市 松尾村
24%
愛知県 2005.10.1 設楽町 津具村
24%
和歌山県 2005.10.1 かつらぎ町 花園村
24%
大分県 2005.10.1 杵築市 大田村
24%
坂井村
24%
福島県 2005.11.7 白河市 大信村
24%
青森県 2006.1.1 青森県 碇ケ関村
24%
美杉村
24%
三重県 2006.1.1 多気町 勢和村
24%
岩手県 2006.1.10 盛岡市 玉山村
24%
群馬県 2006.1.23 高崎市 倉渕村
24%
青森県 2006.2.27 弘前市 相馬村
24%
福島県 2006.3.20 南会津町 伊南村
24%
2006.3.20 舘岩村
24%
須恵村
19%
明宝村
19%
新潟県 2004.4.1 阿賀野市 京ヶ瀬村
19%
都万村
19%
愛媛県 2004.10.1 上島町 岩城村
19%
生名村
19%
愛媛県 2004.10.1 愛南町 内海村
19%
富山県 2004.11.1 南砺市 井口村
19%
山梨県 2004.11.1 北杜市 明野村
19%
武川村
19%
大山田村
19%
佐治村
19%
新潟県 2005.1.1 上越市 浦川原村
19%
愛媛県 2005.1.1 砥部町 広田村
19%
春日村
19%
茨城県 2005.2.1 城里町 桂村
19%
河内村
19%
吉野谷村
19%
岐阜県 2005.2.7 関市 板取村
19%
柏村
19%
熊本県 2005.2.11 阿蘇市 波野村
19%
久木野村
19%
岡山県 2005.2.28 津山市 阿波村
19%
石川県 2005.3.1 能登町 柳田村
19%
徳島県 2005.3.1 つるぎ町 一宇村
19%
徳島県 2005.3.1 那賀町 木頭村
19%
木沢村
19%
直川村
19%
新潟県 2005.3.21 新潟市 味方村
19%
潟東村
19%
島根県 2005.3.31 松江市 八雲村
19%
福島県 2005.4.1 須賀川市 岩瀬村
19%
安曇村
19%
長野県 2005.4.1 塩尻市 楢川村
19%
静岡県 2005.4.1 西伊豆町 賀茂村
19%
愛知県 2005.4.1 愛西市 立田村
19%
美山村
19%
栃木県 2005.10.1 大田原市 湯津上村
19%
南信濃村
19%
佐賀県 2005.10.1 佐賀市 三瀬村
19%
沖縄県 2005.10.1 宮古島市 上野村
19%
岩手県 2005.11.1 西和賀町 沢内村
19%
長野県 2005.11.1 木曽町 三岳村
19%
開田村
19%
三重県 2005.11.1 伊勢市 御薗村
19%
青森県 2006.1.1 青森県 福地村
19%
茨城県 2006.1.1 下妻市 千代川村
19%
埼玉県 2006.1.1 行田市 南河原村
19%
新潟県 2006.1.1 長岡市 和島村
19%
大里村
19%
高郷村
19%
小野上村
19%
長野県 2006.3.6 上田市 武石村
19%
千葉県 2006.3.27 山武市 蓮沼村
19%
山梨県 2006.8.1 笛吹市 芦川村
19%
新潟県 2008.4.1 村上市 神林村
19%
岡原村
14%
粕川村
14%
牧村
14%
清里村
14%
大岡村
14%
愛媛県 2005.1.11 大洲市 河辺村
14%
愛媛県 2005.1.16 今治市 朝倉村
14%
久瀬村
14%
七会村
14%
岐阜県 2005.2.1 高山市 丹生川村
14%
上之保村
14%
徳島県 2005.3.1 美馬市 木屋平村
14%
福栄村
14%
中之口村
14%
月潟村
14%
秋田県 2005.3.22 大仙市 南外村
14%
熊本県 2005.3.22 菊池市 旭志村
14%
荒川村
14%
新潟県 2005.4.1 上越市 妙高村
14%
奈川村
14%
八開村
14%
和歌山県 2005.5.1 日高川町 中津村
14%
東陽村
14%
日義村
14%
美麻村
14%
高知県 2006.1.1 中土佐町 大野見村
14%
佐賀県 2006.1.1 唐津市 七山村
14%
玉城村
14%
山梨県 2006.2.20 中央市 豊富村
14%
高知県 2006.3.1 香南市 吉川村
14%
山口県 2006.3.20 岩国市 本郷村
14%
深田村
10%
群馬県 2004.12.5 前橋市 宮城村
10%
福井県 2005.1.1 南越前町 河野村
10%
尾口村
10%
岐阜県 2005.2.13 中津川市 蛭川村
10%
長野県 2005.4.1 松本市 四賀村
10%
静岡県 2005.4.1 磐田市 豊岡村
10%
大雄村
10%
堀金村
10%
島根県 2005.10.1 浜田市 弥栄村
10%
長野県 2006.1.1 大町市 八坂村
10%
高知県 2006.3.20 四万十市 十和村
10%
長野県 2010.1.1 長野市 中条村
10%
佐賀県 2005.1.1 唐津市 北波多村
5%
千歳村
5%
秋田県 2005.10.1 横手市 山内村
5%
No matching quizzes found
Score Distribution
Percent of People with Each Score
Percentile by Number Answered
Your Score History
You have not taken this quiz